00772nam a2200205 a 4500001001000000003000400010005001700014008004100031040002500072082001500097100003600112245017400148260004500322300002800367504007300395504003100468700002500499700001900524700002300543000036003OSt20201130135138.0111122s1979 dr a 000 0 spa d aDO-SdBNPbspacBNPHU axxxxbE82m1 aEstrella Gómez, Migueld1952-10aMonedas dominicanas :bdesde el descubrimiento hasta nuestros dias (1492-1979) /cMiguel Estrella Gómez ; dibujos Ludovino Morel ; fotografías Max Pou, Reyes Vélez aSanto Domingo :bAmigo del Hogar,c1979. a640 p. :bil. ;c22 cm. aIncluye referencias bibliográficas y notas al pie de las páginas aBibliografías p: 639-64012amorel, Ludovinoeil.12aPou, Maxefot.12aVelez, Reyesefot.